| 000 | 00419nam a2200157Ia 4500 | ||
|---|---|---|---|
| 008 | 240729s9999 xx 000 0 und d | ||
| 022 | _a2379-9536 | ||
| 245 | 0 | _aMarshall Journal of Medicine | |
| 260 | _aUnited States | ||
| 260 | _bMarshall University | ||
| 650 | _a Medicine (General) | ||
| 650 | _aMedicine | ||
| 856 | _uhttps://doaj.org/toc/0bbb358f7c7b4e019abbed8336837eb5 | ||
| 942 | _2ddc | ||
| 942 | _cDOAJEJ | ||
| 999 |
_c70322 _d70322 |
||
| 945 |
_a1 _bMadushi Gamage _c1 _dMadushi Gamage |
||